| 000 | 00927nam a22003137a 4500 | ||
|---|---|---|---|
| 001 | 001478 | ||
| 003 | DO-SdBPM | ||
| 005 | 20250801131219.0 | ||
| 007 | ta | ||
| 008 | 161116b2006 ag | 00| a spa d | ||
| 020 | _a9789870402268 | ||
| 040 |
_aDO-SdBPM _bspa _cBPMSU _erda |
||
| 082 | 4 |
_aA863.6 _bR744c 2005 _222 |
|
| 100 |
_aRoldán, Gustavo, _d1935- _eautor |
||
| 245 | 1 | 0 |
_aCrimen en el arca / _cGustavo Roldán |
| 250 | _a | ||
| 260 |
_b _c |
||
| 264 |
_aBuenos Aires, Argentina : _bEdiciones Alfaguara _c2006 |
||
| 300 |
_a94 páginas : _bilustraición ; _c20 cm. |
||
| 336 |
_atexto _btxt _2rdacontent |
||
| 337 |
_asin mediación _bn _2rdamedia |
||
| 338 |
_avolumen _bnc _2rdacarrier |
||
| 490 | 0 | _aAfaguara juvenil | |
| 590 | _aInventariado, 2025/VM | ||
| 650 | 7 | _aNovela juvenil argentina | |
| 650 | _aLiteratura juvenil argentina | ||
| 910 | _aVMateo V. Control de calidad. BPMSU | ||
| 942 |
_2ddc _cBK |
||
| 999 |
_c11967 _d11967 |
||